Estatísticas para Emissoras afiliadas à Band situadas nas capitais brasileiras

Clique aqui para jogar o quiz

Estatísticas Gerais

  • Esse quiz foi jogado 4 vezes
  • A pontuação média é 5 de 14

Estatísticas das Respostas

CapitalEmissora% Correto
VitóriaTV Capixaba
75%
FlorianópolisTV Catarina
75%
GoiâniaTV Goiânia
75%
Boa VistaBand Roraima
50%
João PessoaTV Manaíra
50%
RecifeTV Tribuna
50%
FortalezaNordesTV
25%
BelémRBA TV
25%
São LuísTV Metropolitana
25%
Rio BrancoTV 5
0%
CuiabáTV Cidade Verde
0%
Campo GrandeTVI
0%
MacapáTV Macapá
0%
Porto VelhoTV Meridional
0%

Distribuição das Pontuações

Percentil de Números Respondidos

Porcentagem de Pessoas com Cada Pontuação

Sua Pontuação Histórica

Você não jogou esse quiz